| 000 | 00579nam a2200193Ia 4500 | ||
|---|---|---|---|
| 003 | GCL | ||
| 008 | 140319s9999 xx 000 0 ara d | ||
| 040 |
_aGCL / _cGCL |
||
| 082 | 0 | 4 |
_a301.01 _bع م |
| 100 | 1 | _aمحمد احمد بيومى | |
| 245 | 1 | 0 |
_aعلم الاجتماع الدينى / _cمحمد احمد بيومى |
| 700 | 1 | _aمحمد عاطف غيث | |
| 260 |
_a[S.N] : _bدار المعرفة الجامعية ، _c1981 |
||
| 300 | _a414 ص | ||
| 490 | _a | ||
| 650 | 0 | 4 | _aالاجتماع |
| 650 | 0 | 4 | _aعلم الاجتماع الدينى |
| 942 |
_2ddc _cBK |
||
| 999 |
_c54016 _d54016 |
||